Statistics for Morse Code Phrases

Click here to take the quiz!

General Stats

  • This quiz has been taken 13 times
  • The average score is 6 of 10

Answer Stats

Morse CodeAnswer% Correct
..-. --- .-. - ..- -. . / ..-. .- ...- --- .-. ... / - .... . / -... --- .-.. -..Fortune favors the bold.
100%
- .. -- . / .. ... / -- --- -. . -.--Time is money.
100%
.. / -.-. .- -- . / .. / ... .- .-- / .. / -.-. --- -. --.- ..- . .-. . -..I came, I saw, I conquered.
88%
- .... .- - / .-- .... .. -.-. .... / -.. --- . ... / -. --- - / -.- .. .-.. .-.. / ..- ... / -- .- -.- . ... / ..- ... / ... - .-. --- -. --. . .-.That which does not kill us makes us stronger.
88%
.-- .... . -. / .-.. .. ..-. . / --. .. ...- . ... / -.-- --- ..- / .-.. . -- --- -. ... / -- .- -.- . / .-.. . -- --- -. .- -.. .When life gives you lemons, make lemonade.
75%
.-- . / ... ..- ..-. ..-. . .-. / -- --- .-. . / .. -. / .. -- .- --. .. -. .- - .. --- -. / - .... .- -. / .. -. / .-. . .- .-.. .. - -.--We suffer more in imagination than in reality.
63%
- .... .. -. -.- / -- --- .-. . / .- -... --- ..- - / .-- .... .- - / -... .-. .. -. --. ... / -.-- --- ..- / .--- --- -.-- / .- -. -.. / .-.. . ... ... / .- -... --- ..- - / .-- .... .- - / ... --- --- - .... . ... / -.-- --- ..- .-. / ..-. . .- .-.Think more about what brings you joy and less about what soothes your fear.
38%
- .... . / -- .- -. / .. -. / - .... . / .- .-. . -. .-The man in the arena.
13%
-. . ...- . .-. / .- .-.. .-.. --- .-- / .- / .--. . .-. ... --- -. / - --- / - . .-.. .-.. / -.-- --- ..- / -. --- / .-- .... --- / -.. --- . ... -. - / .... .- ...- . / - .... . / .--. --- .-- . .-. / - --- / ... .- -.-- / -.-- . ...Never allow a person to tell you no who doesn't have the power to say yes.
0%
- .... --- ... . / .-- .... --- / -.. --- -. - / -... . .-.. .. . ...- . / .. -. / -- .- --. .. -.-. / .-- .. .-.. .-.. / -. . ...- . .-. / ..-. .. -. -.. / .. -Those who don't believe in magic will never find it.
0%

Score Distribution

Percentile by Number Answered

Percent of People with Each Score

Your Score History

You have not taken this quiz